Linked lives : (Record no. 5655)

MARC details
000 -LEADER
fixed length control field 00739nac a22002291u 4500
010 ## - LIBRARY OF CONGRESS CONTROL NUMBER
LC control number 85045634
020 ## - INTERNATIONAL STANDARD BOOK NUMBER
International Standard Book Number 006015571X :
082 00 - DEWEY DECIMAL CLASSIFICATION NUMBER
Classification number 306.8743
Item number FIS
090 ## - LOCALLY ASSIGNED LC-TYPE CALL NUMBER (OCLC); LOCAL CALL NUMBER (OCLC)
-- 5655
-- 5655
100 ## - MAIN ENTRY--PERSONAL NAME
Personal name Fischer, Lucy Rose.
245 10 - TITLE STATEMENT
Title Linked lives :
Remainder of title adult daughters and their mothers /
Statement of responsibility, etc Lucy Rose Fischer.
250 ## - EDITION STATEMENT
Edition statement 1st ed.
260 ## - PUBLICATION, DISTRIBUTION, ETC. (IMPRINT)
Place of publication, distribution, etc New York :
Name of publisher, distributor, etc Harper & Row,c1986.
Date of publication, distribution, etc c1986.
300 ## - PHYSICAL DESCRIPTION
Extent xvi, 238 p. :
Dimensions 22 cm.
500 ## - GENERAL NOTE
General note Includes index.
500 ## - GENERAL NOTE
General note Distributer : Al-Ahram.
504 ## - BIBLIOGRAPHY, ETC. NOTE
Bibliography, etc Bibliography: p. 221-225.
511 ## - PARTICIPANT OR PERFORMER NOTE
Participant or performer note Catalogued by : Mahitab.
650 #0 - SUBJECT ADDED ENTRY--TOPICAL TERM
Topical term or geographic name as entry element Adult children
Geographic subdivision United States.
650 #0 - SUBJECT ADDED ENTRY--TOPICAL TERM
Topical term or geographic name as entry element Mothers and daughters
Geographic subdivision United States.
942 ## - ADDED ENTRY ELEMENTS (KOHA)
Item type Book - Borrowing
Call number prefix 306.8743FIS
Holdings
Withdrawn status Item status Damaged status Not for loan Home library Current library Shelving location Date acquired Source of acquisition Total Checkouts Full call number Barcode Date last seen Date last borrowed Koha item type
        Central Library Central Library First floor 01/11/2007 Purchase 1 306.8743FIS 000007026 15/07/2025 24/12/2017 Book - Borrowing